Els Quatre conceptes fonamentals de la psicoanàlisi : El seminari : Llibre XI / Jacques Lacan ; text establert per Jacques-Alain Miller ; traducció, edició i pròleg a cura d'Antoni Vicens El seminari :
Descripción Física:
311 p. ; 20 cm
Colección:
Clàssics del pensament modern ; 47
Materias:
Psicoanàlisi
MARC
| LEADER | 00000nam a2200000Ia 4500 | ||
|---|---|---|---|
| 001 | 8954 | ||
| 008 | 160829s1990 xx 000 0 cat d | ||
| 080 | |a F-1-54 | ||
| 100 | |a Lacan, Jacques |9 22461 | ||
| 245 | |a Els Quatre conceptes fonamentals de la psicoanàlisi : |b El seminari : |b Llibre XI / Jacques Lacan ; text establert per Jacques-Alain Miller ; traducció, edició i pròleg a cura d'Antoni Vicens | ||
| 260 | |a Barcelona : |b Edicions 62 : |b Diputació de Barcelona, |c 1990 | ||
| 300 | |a 311 p. ; |c 20 cm | ||
| 490 | |a Clàssics del pensament modern ; 47 | ||
| 650 | |a Psicoanàlisi |9 22462 | ||
| 700 | |a Miller, Jacques-Alain |9 22463 | ||
| 700 | |a Vicens, Antoni, tr. |9 22464 | ||
| 710 | 1 | |a Barcelona (Catalunya : Província). |b Diputació |9 52408 | |
| 901 | |a Arxiu | ||
| 942 | |n 1 | ||
| 952 | |0 0 |1 0 |4 0 |6 F154 |7 1 |9 42229 |a Arxiu |b Arxiu |d 2016-12-01 |l 0 |o F-1-54 |p 8954 |r 2016-12-01 00:00:00 |w 2016-12-01 |y ARXIU | ||
| 999 | |c 44676 |d 44676 | ||